Traitor - Olivia Rodrigo ( All lyrics ) - Statistics

General Stats
  • This quiz has been taken 84 times
  • The average score is 287 of 366
Answer Stats
% Correct
a
94%
I
94%
you
94%
You
94%
and
91%
And
91%
That
91%
that
91%
we
91%
did
89%
her
89%
it
89%
It
89%
to
89%
To
89%
traitor
89%
your
89%
Yeah
87%
yeah
87%
but
85%
But
85%
so
85%
were
85%
When
85%
you're
85%
You're
85%
didn't
83%
go
83%
love
83%
talk
83%
The
83%
the
83%
cheat
81%
could
81%
Could
81%
date
81%
know
81%
still
81%
weeks
81%
don't
79%
Don't
79%
feel
79%
in
79%
me
79%
took
79%
two
79%
with
79%
you'll
79%
never
77%
off
77%
together
77%
way
77%
betrayed
75%
For
75%
matter
75%
no
75%
sorry
75%
this
75%
even
74%
Guess
74%
wish
74%
Before
72%
fell
72%
keep
72%
she's
72%
ain't
70%
Ain't
70%
fall
70%
funny
70%
hurt
70%
maybe
70%
thought
70%
through
70%
about
68%
friends
68%
How
68%
kept
68%
like
68%
Now
68%
quiet
68%
said
68%
went
68%
you'd
68%
You'd
68%
bed
66%
Brown
66%
called
66%
eyes
66%
God
66%
lies
66%
made
66%
quickly
66%
word
66%
worse
66%
worst
66%
Ah
64%
ah
64%
always
64%
at
64%
dare
64%
gave
64%
guilty
64%
ran
64%
somebody
64%
forget
62%
had
62%
knew
62%
little
62%
look
62%
told
62%
true
62%
white
62%
if
60%
Loved
60%
new
60%
second
60%
sleeping
60%
There's
60%
was
60%
All
58%
as
58%
dumb
58%
Just
58%
quits
58%
sure
58%
trophy
58%
up
58%
'Cause
57%
hell
57%
paranoid
57%
played
57%
bring
55%
brought
55%
damn
55%
Show
55%
twisted
55%
around
53%
down
53%
games
53%
avoid
51%
questions
51%
Ooh
49%
ooh
49%
shut
49%
used
47%
Remember
40%
No matching quizzes found
Score Distribution
Percent of People with Each Score
Percentile by Number Answered
Your Score History
You have not taken this quiz